000 00322nam a2200145Ia 4500
100 _aMachinery yellow back series
942 _cBK
654 _aHeat
245 _aHeat Treatment Equipment No.26A
260 _bMachinery Publication & co
_c2001
082 _a671.36
300 _a56
546 _aENGLISH
999 _c22902
_d22902